[Event "Titled Tuesday intern op 13th Feb Early"]
[Site "Chess.com INT"]
[Date "2024.02.13"]
[Round "7"]
[White "Aravindh, Chithambaram VR"]
[Black "Melikyan, Gnel"]
[Result "1-0"]
[WhiteElo "2662"]
[BlackElo "2238"]
[PlyCount "171"]
[EventDate "2024.02.13"]
[EventType "swiss (blitz)"]
[EventRounds "11"]
[EventCountry "USA"]
[SourceTitle "CB08_2024"]
[SourceDate "2024.02.21"]
[SourceVersion "1"]
[SourceVersionDate "2024.02.21"]
[SourceQuality "1"]

1. g3 Nf6 2. Bg2 g6 3. e4 Bg7 4. d4 0-0 5. Nc3 d6 6. Nge2 e5 7. 0-0 Re8 8. h3 exd4 9. Nxd4 a6 10. a4 Bd7 11. Be3 Nc6 12. f4 Nxd4 13. Bxd4 Bc6 14. Qd3 Nd7 15. Rad1 Nc5 16. Qe3 Ne6 17. Bxg7 Nxg7 18. Qd4 Qe7 19. Qc4 Qe6 20. Qd4 Qe7 21. b4 Qd7 22. b5 axb5 23. axb5 Bxb5 24. Nd5 Nh5 25. g4 c6 26. Nb6 Qd8 27. Nxa8 Bxf1 28. Rxf1 Ng3 29. Re1 Qxa8 30. Qf2 Qa3 31. Re3 Qc1+ 32. Kh2 Nxe4 33. Rxe4 Rxe4 34. Bxe4 d5 35. Bd3 c5 36. Qxc5 Qxf4+ 37. Kg2 d4 38. Qc8+ Kg7 39. Qe8 h5 40. Qe4 Qd2+ 41. Qe2 Qg5 42. Qf2 Qe5 43. gxh5 Qg5+ 44. Kf1 Qc1+ 45. Ke2 gxh5 46. Qxd4+ Kg8 47. Qd8+ Kg7 48. Qd4+ Kf8 49. Qh8+ Ke7 50. Qxh5 Qf4 51. Qg4 Qh2+ 52. Kf3 Qh1+ 53. Qg2 Qa1 54. Qe2+ Kf6 55. Kg2 Kg7 56. Qg4+ Kf8 57. Qb4+ Kg8 58. Qxb7 Qg7+ 59. Kf1 Qf6+ 60. Ke2 Qe6+ 61. Qe4 Qxh3 62. Qe8+ Kg7 63. Qe5+ Kg8 64. Qg5+ Kf8 65. Qd8+ Kg7 66. Qd4+ Kg8 67. c4 Qg2+ 68. Qf2 Qg4+ 69. Qf3 Qe6+ 70. Qe4 Qh3 71. Qe8+ Kg7 72. Qe5+ Kf8 73. Qd6+ Kg7 74. Qd4+ Kf8 75. c5 Qg2+ 76. Qf2 Qg4+ 77. Qf3 Qe6+ 78. Qe4 Qa2+ 79. Ke3 Qa3 80. c6 Qc5+ 81. Kf3 Qh5+ 82. Ke3 Qc5+ 83. Kd2 Qa5+ 84. Kc2 Qc5+ 85. Kb3 f5 86. Qb4 1-0

[Event "Titled Tuesday intern op 13th Feb Early"]
[Site "Chess.com INT"]
[Date "2024.02.13"]
[Round "3"]
[White "Cesar Maestre, Bernardo"]
[Black "Melikyan, Gnel"]
[Result "0-1"]
[WhiteElo "2380"]
[BlackElo "2238"]
[PlyCount "70"]
[EventDate "2024.02.13"]
[EventType "swiss (blitz)"]
[EventRounds "11"]
[EventCountry "USA"]
[SourceTitle "CB08_2024"]
[SourceDate "2024.02.21"]
[SourceVersion "1"]
[SourceVersionDate "2024.02.21"]
[SourceQuality "1"]

1. d4 Nf6 2. Nf3 g6 3. e3 Bg7 4. Be2 0-0 5. 0-0 c5 6. dxc5 Qc7 7. a3 a5 8. c4 Qxc5 9. Nc3 d6 10. b4 Qc7 11. Bb2 Be6 12. Rc1 axb4 13. axb4 Qb6 14. Nb5 Nc6 15. c5 dxc5 16. bxc5 Qd8 17. Nfd4 Bd5 18. Nc3 Nxd4 19. exd4 Bc6 20. Bc4 e6 21. Qb3 Re8 22. Rfd1 Ng4 23. h3 Nxf2 24. Kxf2 Qh4+ 25. Kg1 Bxd4+ 26. Rxd4 Qxd4+ 27. Kh1 Qxc5 28. Nb5 Qg5 29. Bf1 Rad8 30. Qc3 e5 31. Na3 Rd2 32. Rc2 Bxg2+ 33. Kh2 Rxc2 34. Nxc2 Bxf1 35. Qc7 Qg2# 0-1

[Event "Titled Tuesday intern op 13th Feb Late"]
[Site "Chess.com INT"]
[Date "2024.02.13"]
[Round "11"]
[White "Jackson, Edward"]
[Black "Melikyan, Gnel"]
[Result "0-1"]
[WhiteElo "2156"]
[BlackElo "2238"]
[PlyCount "114"]
[EventDate "2024.02.13"]
[EventType "swiss (blitz)"]
[EventRounds "11"]
[EventCountry "USA"]
[SourceTitle "CB08_2024"]
[SourceDate "2024.02.21"]
[SourceVersion "1"]
[SourceVersionDate "2024.02.21"]
[SourceQuality "1"]

1. e4 d5 2. exd5 Qxd5 3. Nc3 Qa5 4. d4 Nf6 5. Nf3 Bf5 6. Ne5 Nbd7 7. Nc4 Qa6 8. Bf4 Qe6+ 9. Ne3 Bg4 10. f3 Bh5 11. Bc4 Qc6 12. Bb5 Qb6 13. 0-0 c6 14. Bc4 e6 15. a4 a5 16. Bb3 Qa7 17. Nc4 Nd5 18. Nxd5 cxd5 19. Nd6+ Bxd6 20. Bxd6 Qb6 21. Ba3 Rc8 22. c3 Bg6 23. Kh1 f6 24. Re1 Kf7 25. Bxd5 exd5 26. Re7+ Kg8 27. Rxd7 Qc6 28. Rd6 Qc4 29. Qe1 h5 30. Rd7 Re8 31. Re7 Kh7 32. Rd1 Qxa4 33. Rxe8 Rxe8 34. Qd2 Qc2 35. Qxc2 Bxc2 36. Rc1 Re2 37. h4 Kg6 38. Kh2 Kf5 39. Kg3 g5 40. hxg5 fxg5 41. Bd6 h4+ 42. Kh2 g4 43. fxg4+ Kxg4 44. Rf1 Be4 45. Rf4+ Kg5 46. Kh3 Bxg2+ 47. Kh2 Be4+ 48. Kh3 Bf5+ 49. Rxf5+ Kxf5 50. Kxh4 Rxb2 51. Kg3 Ke4 52. Kg4 Kd3 53. Bc7 a4 54. Bd6 Rb3 55. Kf5 a3 56. Bxa3 Rxa3 57. Ke5 Kc4 0-1

[Event "Titled Tuesday intern op 13th Feb Late"]
[Site "Chess.com INT"]
[Date "2024.02.13"]
[Round "3"]
[White "Melikyan, Gnel"]
[Black "Quesada Perez, Yuniesky"]
[Result "0-1"]
[WhiteElo "2238"]
[BlackElo "2591"]
[PlyCount "82"]
[EventDate "2024.02.13"]
[EventType "swiss (blitz)"]
[EventRounds "11"]
[EventCountry "USA"]
[SourceTitle "CB08_2024"]
[SourceDate "2024.02.21"]
[SourceVersion "1"]
[SourceVersionDate "2024.02.21"]
[SourceQuality "1"]

1. d4 Nf6 2. Nf3 d5 3. c4 e6 4. Nc3 c6 5. cxd5 exd5 6. Bf4 Nbd7 7. e3 Nh5 8. Bg5 Be7 9. Bxe7 Qxe7 10. Be2 Nhf6 11. 0-0 0-0 12. Qc2 Re8 13. Rfe1 Ne4 14. Nxe4 dxe4 15. Nd2 Nf6 16. a3 Bg4 17. Bxg4 Nxg4 18. h3 Nh6 19. b4 Nf5 20. Reb1 a6 21. a4 Nh4 22. Qc5 Qf6 23. Qh5 Rad8 24. Nc4 Rd5 25. Ne5 Ng6 26. Qg4 Nxe5 27. Qxe4 Qd8 28. dxe5 Rexe5 29. Qf3 Rf5 30. Qe2 Rd2 31. Rd1 Rfd5 32. Rxd2 Rxd2 33. Qf3 Rd5 34. Qe4 h6 35. g3 Rd2 36. b5 Rxf2 37. bxc6 bxc6 38. Kxf2 Qf6+ 39. Kg2 Qb2+ 40. Kf3 Qxa1 41. Qxc6 Qh1+ 0-1

[Event "Titled Tuesday intern op 13th Feb Late"]
[Site "Chess.com INT"]
[Date "2024.02.13"]
[Round "5"]
[White "Melikyan, Gnel"]
[Black "Rodgers, Jack"]
[Result "0-1"]
[WhiteElo "2238"]
[BlackElo "2043"]
[PlyCount "104"]
[EventDate "2024.02.13"]
[EventType "swiss (blitz)"]
[EventRounds "11"]
[EventCountry "USA"]
[SourceTitle "CB08_2024"]
[SourceDate "2024.02.21"]
[SourceVersion "1"]
[SourceVersionDate "2024.02.21"]
[SourceQuality "1"]

1. d4 Nf6 2. c4 c5 3. d5 e5 4. Nc3 d6 5. e4 Be7 6. Bd3 Na6 7. Nge2 h5 8. 0-0 h4 9. f4 exf4 10. Nxf4 Bg4 11. Qa4+ Bd7 12. Qb3 Rb8 13. Bd2 Ng4 14. Rae1 Ne5 15. Be2 Bg5 16. a3 Nc7 17. Qc2 Qe7 18. Nd3 Bxd2 19. Qxd2 Nxc4 20. Qf4 g5 21. Qf6 Qxf6 22. Rxf6 Ke7 23. Ref1 Rbf8 24. e5 Ne8 25. b3 Nxe5 26. Nxe5 Nxf6 27. Rxf6 dxe5 28. Ne4 b6 29. d6+ Ke8 30. Nxg5 h3 31. Bc4 hxg2 32. Bxf7+ Kd8 33. Kxg2 b5 34. Rf2 Rh4 35. Kg3 Rf4 36. Rxf4 exf4+ 37. Kf2 Rh8 38. Nf3 a5 39. h4 Bg4 40. Ne5 Bd1 41. Nc6+ Kd7 42. Nxa5 Kxd6 43. b4 c4 44. a4 Bxa4 45. h5 Ke7 46. Bg6 Bd1 47. Nc6+ Kf6 48. Nd4 Bxh5 49. Bxh5 Rxh5 50. Kf3 c3 51. Kxf4 Rh4+ 52. Ke3 Rxd4 0-1

[Event "Titled Tuesday intern op 06th Feb Late"]
[Site "Chess.com INT"]
[Date "2024.02.06"]
[Round "3"]
[White "Kuzubov, Yuriy"]
[Black "Melikyan, Gnel"]
[Result "1-0"]
[WhiteElo "2605"]
[BlackElo "2238"]
[PlyCount "125"]
[EventDate "2024.02.06"]
[EventType "swiss (blitz)"]
[EventRounds "11"]
[EventCountry "USA"]
[SourceTitle "CB07_2024"]
[SourceDate "2024.02.14"]
[SourceVersion "1"]
[SourceVersionDate "2024.02.14"]
[SourceQuality "1"]

1. d4 Nf6 2. Nf3 e6 3. c4 b6 4. g3 Bb7 5. Bg2 Be7 6. Nc3 0-0 7. Qc2 d5 8. cxd5 exd5 9. 0-0 Nbd7 10. Rd1 Re8 11. Bf4 c6 12. Rac1 Bf8 13. h3 Rc8 14. Ne5 Nxe5 15. Bxe5 Bd6 16. f4 Bf8 17. f5 Nd7 18. Bf4 Qf6 19. Kh2 Bd6 20. Bxd6 Qxd6 21. e4 dxe4 22. Nxe4 Qe7 23. Qa4 a5 24. Qa3 c5 25. d5 Qe5 26. Qc3 Rcd8 27. Rd2 f6 28. Re1 Qxc3 29. bxc3 Ne5 30. Rb1 Nc4 31. Rd3 Kf8 32. Nd2 Nxd2 33. Rxd2 Rd6 34. c4 Ba6 35. Bf1 Re4 36. Rc1 Re5 37. g4 g6 38. fxg6 hxg6 39. Kg3 Kg7 40. Kf2 g5 41. Re2 Rxe2+ 42. Bxe2 Rd8 43. Rb1 Rd6 44. Bd3 Kf7 45. Re1 Kg7 46. Ke3 Kf7 47. Kd2 Rd7 48. Bf5 Rd6 49. Kc3 b5 50. cxb5 Bxb5 51. Be6+ Kg6 52. Rb1 Bd7 53. Bxd7 Rxd7 54. Kc4 Rh7 55. Rb3 f5 56. gxf5+ Kxf5 57. Kxc5 Ke5 58. Re3+ Kf4 59. Rb3 Ke5 60. d6 Ke6 61. Kc6 Ke5 62. d7 Rh8 63. Kc7 1-0

[Event "Titled Tuesday intern op 06th Feb Early"]
[Site "Chess.com INT"]
[Date "2024.02.06"]
[Round "2"]
[White "Melikyan, Gnel"]
[Black "Burmakin, Evgeniy"]
[Result "1-0"]
[WhiteElo "2238"]
[BlackElo "2166"]
[PlyCount "69"]
[EventDate "2024.02.06"]
[EventType "swiss (blitz)"]
[EventRounds "11"]
[EventCountry "USA"]
[SourceTitle "CB07_2024"]
[SourceDate "2024.02.14"]
[SourceVersion "1"]
[SourceVersionDate "2024.02.14"]
[SourceQuality "1"]

1. Nf3 Nf6 2. g3 g6 3. Bg2 Bg7 4. 0-0 0-0 5. c4 d6 6. Nc3 e5 7. b3 Nc6 8. Bb2 h6 9. e3 Bf5 10. d4 exd4 11. Nxd4 Nxd4 12. exd4 c6 13. d5 c5 14. Qd2 Re8 15. Rfe1 Qd7 16. f3 a6 17. g4 Nxg4 18. fxg4 Bxg4 19. Ne4 Re5 20. Nf2 Rae8 21. Rxe5 Bxe5 22. Bxe5 Rxe5 23. Re1 Rxe1+ 24. Qxe1 Bf5 25. Qe3 Kg7 26. Be4 Bg4 27. Qf4 Be2 28. Bg2 Qe7 29. Ne4 b5 30. Qxd6 Qh4 31. Qe5+ Kf8 32. Qg3 Qh5 33. d6 bxc4 34. d7 Ke7 35. Qc7 1-0

[Event "Titled Tuesday intern op 06th Feb Early"]
[Site "Chess.com INT"]
[Date "2024.02.06"]
[Round "5"]
[White "Melikyan, Gnel"]
[Black "Rakhimgaliyev, Yerlan"]
[Result "1-0"]
[WhiteElo "2238"]
[BlackElo "2251"]
[PlyCount "189"]
[EventDate "2024.02.06"]
[EventType "swiss (blitz)"]
[EventRounds "11"]
[EventCountry "USA"]
[SourceTitle "CB07_2024"]
[SourceDate "2024.02.14"]
[SourceVersion "1"]
[SourceVersionDate "2024.02.14"]
[SourceQuality "1"]

1. d4 Nf6 2. c4 g6 3. Nc3 Bg7 4. e4 d6 5. f3 0-0 6. Be3 e5 7. d5 c6 8. Bd3 b5 9. b3 b4 10. Na4 cxd5 11. cxd5 Ba6 12. Ne2 Qa5 13. 0-0 Nbd7 14. Nb2 Rac8 15. Nc4 Bxc4 16. Bxc4 Nc5 17. Qd2 Nfd7 18. a3 Rb8 19. Rfb1 f5 20. axb4 Qxb4 21. Qxb4 Rxb4 22. Rxa7 fxe4 23. fxe4 Rf7 24. Nc3 Nb6 25. Rxf7 Kxf7 26. Bxc5 dxc5 27. Na2 Rxc4 28. bxc4 Nxc4 29. Rb7+ Kf6 30. Nc3 Bh6 31. Kf1 Bd2 32. Nb5 Bb4 33. Ke2 h5 34. Nc7 Nd6 35. Rb6 Ke7 36. Na6 Nxe4 37. Rxg6 Nc3+ 38. Kd3 Nxd5 39. Ke4 Nf4 40. Rg5 Bc3 41. Nxc5 Kf6 42. Rf5+ Kg6 43. Nd7 Nxg2 44. Nf8+ Kh6 45. Ne6 Nh4 46. Rf6+ Kh7 47. Kd5 Ng6 48. Ng5+ Kh6 49. Ne4 Bb2 50. Ke6 Kg7 51. Rf7+ Kg8 52. Kf6 Nf4 53. Rg7+ Kf8 54. Rb7 Ke8 55. Rxb2 Nd5+ 56. Ke6 Nf4+ 57. Kxe5 Nd3+ 58. Kd4 Nxb2 59. Nc5 Nd1 60. Nd3 Ke7 61. Nf4 Kf6 62. Kd3 Kg5 63. Ne6+ Kg4 64. Ke2 Nc3+ 65. Kf2 Ne4+ 66. Kg2 h4 67. Nd4 h3+ 68. Kg1 Kf4 69. Ne2+ Kf3 70. Nd4+ Ke3 71. Nf5+ Kf3 72. Ng7 Nd2 73. Ne6 Nc4 74. Ng5+ Kg4 75. Ne4 Ne3 76. Nf2+ Kh4 77. Nh1 Ng2 78. Kf2 Nf4 79. Kf3 Nh5 80. Nf2 Nf6 81. Kf4 Nd5+ 82. Ke4 Nc3+ 83. Kd3 Nd5 84. Ke2 Nf4+ 85. Kf3 Nh5 86. Ne4 Ng7 87. Nc5 Nf5 88. Kf4 Nd4 89. Nd3 Ne2+ 90. Kf5 Nd4+ 91. Ke4 Ne2 92. Ne5 Kg5 93. Nf3+ Kg4 94. Nd2 Ng1 95. Ke3 1-0

[Event "Titled Tuesday intern op 06th Feb Late"]
[Site "Chess.com INT"]
[Date "2024.02.06"]
[Round "2"]
[White "Melikyan, Gnel"]
[Black "Thake, Conrad"]
[Result "1-0"]
[WhiteElo "2238"]
[BlackElo "1745"]
[PlyCount "39"]
[EventDate "2024.02.06"]
[EventType "swiss (blitz)"]
[EventRounds "11"]
[EventCountry "USA"]
[SourceTitle "CB07_2024"]
[SourceDate "2024.02.14"]
[SourceVersion "1"]
[SourceVersionDate "2024.02.14"]
[SourceQuality "1"]

1. d4 b6 2. c4 Bb7 3. Nc3 e6 4. Nf3 Bb4 5. Bd2 f5 6. a3 Be7 7. g3 Nf6 8. Bg2 0-0 9. 0-0 a6 10. Re1 Qe8 11. Rc1 Qh5 12. d5 exd5 13. Nxd5 Nxd5 14. cxd5 d6 15. Rxc7 Ra7 16. Rxe7 Rd8 17. Bc3 Rd7 18. Re6 b5 19. Qd4 h6 20. Qxa7 1-0

[Event "Titled Tuesday intern op 06th Feb Late"]
[Site "Chess.com INT"]
[Date "2024.02.06"]
[Round "9"]
[White "Seder, Mohamad"]
[Black "Melikyan, Gnel"]
[Result "0-1"]
[WhiteElo "2077"]
[BlackElo "2238"]
[PlyCount "129"]
[EventDate "2024.02.06"]
[EventType "swiss (blitz)"]
[EventRounds "11"]
[EventCountry "USA"]
[SourceTitle "CB07_2024"]
[SourceDate "2024.02.14"]
[SourceVersion "1"]
[SourceVersionDate "2024.02.14"]
[SourceQuality "1"]

1. e4 c5 2. Nf3 Nc6 3. c3 e6 4. d4 cxd4 5. cxd4 d5 6. e5 Bd7 7. Nc3 Nge7 8. Bd3 a6 9. 0-0 b5 10. a3 g6 11. h4 Bg7 12. h5 Nf5 13. Bc2 Qb6 14. Be3 Rc8 15. Rc1 0-0 16. Bxf5 gxf5 17. h6 Bh8 18. g4 Ne7 19. Kh2 fxg4 20. Rg1 Ng6 21. Rxg4 f5 22. Rg1 f4 23. Bd2 Be8 24. Nh4 Qxd4 25. Qe1 f3 26. Bg5 Qxe5+ 27. Qxe5 Bxe5+ 28. Kh1 Rc4 29. Be7 Rff4 30. Nxg6 Bxg6 31. Rg5 Rh4+ 32. Kg1 Rcg4+ 33. Rxg4 Rxg4+ 34. Kh1 Kf7 35. Bd8 Bf6 36. Bxf6 Kxf6 37. Re1 Rh4+ 38. Kg1 Rxh6 39. Re3 Rh3 40. a4 d4 41. Ne4+ Ke5 42. Re1 Bxe4 43. axb5 axb5 44. b4 Rh4 45. Rc1 d3 46. Rc5+ Kd4 47. Rc1 d2 48. Rd1 Kd3 49. Rf1 Ke2 50. Rd1 Rg4+ 51. Kh1 Rg2 52. Rxd2+ Ke1 53. Rd1+ Kxf2 54. Rf1+ Kg3 55. Rxf3+ Kg4 56. Rf4+ Kg5 57. Rf5+ Kg6 58. Rf6+ Kh5 59. Rh6+ Kg4 60. Rh4+ Kf5 61. Rf4+ Ke5 62. Rf5+ Bxf5 63. Kxg2 Kd5 64. Kg3 Kc4 65. Kf4 0-1

[Event "Titled Tuesday intern op 23rd Jan Late"]
[Site "Chess.com INT"]
[Date "2024.01.23"]
[Round "1"]
[White "Le, Quang Liem"]
[Black "Melikyan, Gnel"]
[Result "1-0"]
[WhiteElo "2731"]
[BlackElo "2238"]
[PlyCount "77"]
[EventDate "2024.01.23"]
[EventType "swiss (blitz)"]
[EventRounds "11"]
[EventCountry "USA"]
[SourceTitle "CB05_2024"]
[SourceDate "2024.01.31"]
[SourceVersion "1"]
[SourceVersionDate "2024.01.31"]
[SourceQuality "1"]

1. Nf3 Nf6 2. c4 g6 3. Nc3 Bg7 4. e4 0-0 5. d4 d6 6. Be2 e5 7. 0-0 Nc6 8. Be3 Ng4 9. Bg5 f6 10. Bc1 f5 11. dxe5 Ngxe5 12. exf5 Bxf5 13. Be3 Qd7 14. Nxe5 Bxe5 15. Qd2 Bg4 16. f3 Be6 17. f4 Bg7 18. Rae1 Bg4 19. Nd5 Bxe2 20. Rxe2 Rf7 21. Rfe1 Raf8 22. Bf2 Kh8 23. b4 b6 24. h3 a5 25. b5 Nb4 26. Re7 Qd8 27. Bh4 Qc8 28. Rxf7 Rxf7 29. Ne7 Qf8 30. f5 gxf5 31. a3 Be5 32. axb4 axb4 33. Nd5 b3 34. Rb1 b2 35. Rxb2 Bxb2 36. Qxb2+ Kg8 37. Nf6+ Kh8 38. Nd7+ Qg7 39. Bf6 1-0

[Event "Titled Tuesday intern op 06th Jun Late"]
[Site "Chess.com INT"]
[Date "2023.06.06"]
[Round "4"]
[White "Melikyan, Gnel"]
[Black "Korol, Dimitry"]
[Result "1-0"]
[WhiteElo "2238"]
[BlackElo "2287"]
[PlyCount "115"]
[EventDate "2023.06.06"]
[EventType "swiss (blitz)"]
[EventRounds "11"]
[EventCountry "USA"]
[SourceTitle "EXT 2024"]
[Source "ChessBase"]
[SourceDate "2023.10.10"]
[SourceVersion "1"]
[SourceVersionDate "2023.10.10"]
[SourceQuality "1"]

1. e4 c5 2. Nf3 d6 3. d4 cxd4 4. Nxd4 Nf6 5. Nc3 g6 6. Be3 Bg7 7. f3 0-0 8. Qd2 Nc6 9. g4 Be6 10. Nxe6 fxe6 11. 0-0-0 Ne5 12. Be2 Qc8 13. h4 Nc4 14. Bxc4 Qxc4 15. h5 Nd7 16. f4 Bxc3 17. Qxc3 Qxc3 18. bxc3 Rac8 19. hxg6 hxg6 20. Kd2 Nc5 21. Bxc5 Rxc5 22. Rdf1 Rc4 23. Rh6 Kg7 24. g5 e5 25. f5 Rxe4 26. Rxg6+ Kf7 27. Rh6 Rg8 28. Rh7+ Rg7 29. g6+ Kf6 30. Rfh1 Rg4 31. Rxg7 Kxg7 32. Rh7+ Kf6 33. Rf7+ Kg5 34. g7 Kf4 35. Rxe7 Kxf5 36. Rxb7 a5 37. c4 Ke4 38. Kc3 Rg3+ 39. Kb2 Kd4 40. Rc7 e4 41. Rd7 Kxc4 42. Rxd6 e3 43. Re6 a4 44. Re4+ Kb5 45. Re5+ Kc4 46. Re4+ Kb5 47. Re7 Kc4 48. Rxe3 Rxg7 49. Re5 Kb4 50. a3+ Kc4 51. Ra5 Rb7+ 52. Kc1 Kc3 53. Rxa4 Rg7 54. Kb1 Rg1+ 55. Ka2 Kxc2 56. Rc4+ Kd3 57. Rc7 Rg6 58. a4 1-0

[Event "Titled Tuesday intern op 06th Jun Early"]
[Site "Chess.com INT"]
[Date "2023.06.06"]
[Round "3"]
[White "Svane, Frederik"]
[Black "Melikyan, Gnel"]
[Result "0-1"]
[WhiteElo "2603"]
[BlackElo "2238"]
[PlyCount "76"]
[EventDate "2023.06.06"]
[EventType "swiss (blitz)"]
[EventRounds "11"]
[EventCountry "USA"]
[SourceTitle "EXT 2024"]
[Source "ChessBase"]
[SourceDate "2023.10.10"]
[SourceVersion "1"]
[SourceVersionDate "2023.10.10"]
[SourceQuality "1"]

1. c4 Nf6 2. Nc3 g6 3. e4 d6 4. d4 Bg7 5. Be2 0-0 6. Be3 c5 7. d5 e6 8. Nf3 exd5 9. cxd5 Re8 10. Nd2 a6 11. a4 Nbd7 12. 0-0 b6 13. Qc2 Bb7 14. Rae1 h5 15. h3 Qc7 16. Nc4 Ne5 17. Na3 Ned7 18. f4 Nxd5 19. Nxd5 Bxd5 20. Bf3 Bc6 21. f5 Ne5 22. fxg6 fxg6 23. Be2 Kh7 24. Kh1 Qb7 25. Bf3 Nxf3 26. gxf3 d5 27. Rg1 dxe4 28. Nc4 Re6 29. f4 Rf8 30. Qb3 Bd5 31. Qc2 Bd4 32. Rg5 Rf5 33. Reg1 Qf7 34. Bxd4 cxd4 35. Ne5 e3+ 36. Kh2 Rexe5 37. fxe5 Rf2+ 38. Kg3 Qf4# 0-1

[Event "Titled Tuesday intern op 30th May Early"]
[Site "Chess.com INT"]
[Date "2023.05.30"]
[Round "8"]
[White "Dragnev, Valentin"]
[Black "Melikyan, Gnel"]
[Result "0-1"]
[WhiteElo "2593"]
[BlackElo "2238"]
[PlyCount "96"]
[EventDate "2023.05.30"]
[EventType "swiss (blitz)"]
[EventRounds "11"]
[EventCountry "USA"]
[SourceTitle "CBM 214 Extra"]
[Source "ChessBase"]
[SourceDate "2023.07.31"]
[SourceVersion "1"]
[SourceVersionDate "2023.07.31"]
[SourceQuality "1"]

1. d4 Nf6 2. Bg5 g6 3. Bxf6 exf6 4. e3 Bg7 5. g3 0-0 6. Bg2 c6 7. c4 d6 8. Nc3 Re8 9. Nge2 Nd7 10. 0-0 f5 11. Qc2 a6 12. b4 Nf6 13. b5 axb5 14. cxb5 d5 15. bxc6 bxc6 16. Rfc1 Qa5 17. Nf4 Bd7 18. Nd3 Reb8 19. a4 Ne4 20. Nxe4 fxe4 21. Nc5 Bc8 22. h4 Bf8 23. Kh2 Rb4 24. Qe2 Rab8 25. Ra2 Bd6 26. Bh3 f5 27. Rac2 Rb1 28. Qd1 R1b2 29. Kg2 Qb4 30. Rxb2 Qxb2 31. Rc2 Qa3 32. h5 Kg7 33. Kh2 g5 34. Bf1 f4 35. Qc1 Qxc1 36. Rxc1 Rb2 37. Kg1 fxg3 38. fxg3 Bxg3 39. Rc3 Bf2+ 40. Kh1 Bg4 41. Bg2 Bg3 42. Rc1 Ra2 43. Kg1 Bf3 44. Bxf3 exf3 45. Rf1 g4 46. Nd3 Bh2+ 47. Kh1 Bd6 48. Rg1 Rh2# 0-1

[Event "Titled Tuesday intern op 30th May Early"]
[Site "Chess.com INT"]
[Date "2023.05.30"]
[Round "10"]
[White "Hambleton, Aman"]
[Black "Melikyan, Gnel"]
[Result "0-1"]
[WhiteElo "2420"]
[BlackElo "2238"]
[PlyCount "202"]
[EventDate "2023.05.30"]
[EventType "swiss (blitz)"]
[EventRounds "11"]
[EventCountry "USA"]
[SourceTitle "CBM 214 Extra"]
[Source "ChessBase"]
[SourceDate "2023.07.31"]
[SourceVersion "1"]
[SourceVersionDate "2023.07.31"]
[SourceQuality "1"]

1. d4 Nf6 2. Bf4 g6 3. e3 Bg7 4. h3 d6 5. Nf3 0-0 6. c3 Nc6 7. Bh2 Re8 8. a4 Nd7 9. Be2 e5 10. a5 Rb8 11. a6 b6 12. Na3 Nf8 13. Bb5 Bd7 14. Qa4 Ne7 15. dxe5 c6 16. Be2 d5 17. e6 Nxe6 18. Bxb8 Qxb8 19. Qd1 Nf5 20. Nc2 Bc8 21. Ncd4 Nexd4 22. exd4 Qd6 23. 0-0 Bf6 24. Re1 Bd8 25. Bd3 Rf8 26. Qe2 Bc7 27. Qe5 Qd8 28. Qe2 Qd6 29. Bxf5 Bxf5 30. Qe7 Be6 31. Qxd6 Bxd6 32. Ne5 Rc8 33. Nd3 c5 34. Rad1 cxd4 35. cxd4 Rc4 36. b3 Rxd4 37. Nb2 Rb4 38. Re3 d4 39. Red3 Bc5 40. Nc4 Bxc4 41. bxc4 Rxc4 42. Re1 Kf8 43. Ra1 Rc2 44. Kf1 h5 45. g4 hxg4 46. hxg4 Kg7 47. g5 Rc4 48. Rf3 Be7 49. Rg3 Rc5 50. Ra4 Rd5 51. Rg4 Bc5 52. Ke2 b5 53. Ra2 d3+ 54. Kd1 b4 55. Rd2 Rd6 56. Rg3 Rxa6 57. Rgxd3 Ra1+ 58. Ke2 a5 59. Rd7 b3 60. Rb7 Bb4 61. Rdd7 Re1+ 62. Kf3 b2 63. Rxf7+ Kg8 64. Rg7+ Kf8 65. Rh7 Re7 66. Rhxe7 b1Q 67. Rf7+ Ke8 68. Rh7 Qf5+ 69. Ke2 Qe4+ 70. Kf1 Qc4+ 71. Kg2 Qc6+ 72. Kf1 Qc1+ 73. Ke2 Qc2+ 74. Kf3 Qf5+ 75. Ke2 Qg4+ 76. Kd3 Qf3+ 77. Kc4 Qe2+ 78. Kb3 Qd3+ 79. Ka4 Qc2+ 80. Kb5 Qc5+ 81. Ka6 Qc6+ 82. Ka7 Bc5+ 83. Ka8 Qa6+ 84. Kb8 Bd6+ 85. Kc8 Qc6+ 86. Rhc7 Qxc7+ 87. Rxc7 Bxc7 88. Kxc7 a4 89. Kd6 a3 90. Ke6 a2 91. Kf6 a1Q+ 92. Kxg6 Qe5 93. Kh7 Kf7 94. g6+ Kf8 95. Kh6 Qg7+ 96. Kg5 Ke7 97. f4 Ke6 98. f5+ Ke5 99. Kg4 Qf6 100. Kh5 Kxf5 101. Kh6 Qxg6# 0-1

[Event "Titled Tuesday intern op 30th May Late"]
[Site "Chess.com INT"]
[Date "2023.05.30"]
[Round "9"]
[White "Melikyan, Gnel"]
[Black "Seletsky, Grigory"]
[Result "1-0"]
[WhiteElo "2238"]
[BlackElo "2259"]
[PlyCount "95"]
[EventDate "2023.05.30"]
[EventType "swiss (blitz)"]
[EventRounds "11"]
[EventCountry "USA"]
[SourceTitle "CBM 214 Extra"]
[Source "ChessBase"]
[SourceDate "2023.07.31"]
[SourceVersion "1"]
[SourceVersionDate "2023.07.31"]
[SourceQuality "1"]

1. e4 c6 2. Nf3 d5 3. Nc3 Bg4 4. h3 Bxf3 5. Qxf3 e6 6. b3 Nf6 7. Bb2 Be7 8. 0-0-0 0-0 9. g4 a5 10. g5 Nfd7 11. h4 Na6 12. Bh3 Nac5 13. Rdg1 a4 14. g6 hxg6 15. h5 g5 16. h6 d4 17. hxg7 Kxg7 18. Ne2 Ne5 19. Qg3 Ng6 20. Nxd4 Bf6 21. Qe3 axb3 22. axb3 Ra2 23. Bc3 Qa8 24. Kd1 Qa7 25. Rxg5 Rh8 26. Rxg6+ fxg6 27. Rg1 Rxh3 28. Nf5+ exf5 29. Bxf6+ Kf7 30. Qxh3 Ra1+ 31. Bxa1 Qxa1+ 32. Ke2 Qxg1 33. Qh7+ Ke6 34. Qg8+ Kd7 35. Qf7+ Kc8 36. Qf8+ Kc7 37. Qxc5 Qg4+ 38. f3 Qg2+ 39. Qf2 Qg5 40. exf5 Qxf5 41. d3 Qe5+ 42. Kd2 Qf4+ 43. Qe3 Qh2+ 44. Kc3 Qd6 45. d4 b5 46. Qe5 Qxe5 47. dxe5 c5 48. Kd3 1-0

[Event "Titled Tuesday intern op 23rd May Early"]
[Site "Chess.com INT"]
[Date "2023.05.23"]
[Round "5"]
[White "Avazkhonov, Alikhon"]
[Black "Melikyan, Gnel"]
[Result "0-1"]
[WhiteElo "1538"]
[BlackElo "2238"]
[PlyCount "104"]
[EventDate "2023.05.23"]
[EventType "swiss (blitz)"]
[EventRounds "11"]
[EventCountry "USA"]
[SourceTitle "CBM 214 Extra"]
[Source "ChessBase"]
[SourceDate "2023.07.31"]
[SourceVersion "1"]
[SourceVersionDate "2023.07.31"]
[SourceQuality "1"]

1. e4 e5 2. Nf3 Nc6 3. Bb5 Nf6 4. d3 d6 5. 0-0 Be7 6. c3 0-0 7. Re1 Bd7 8. Nbd2 a6 9. Ba4 Re8 10. Nf1 Bf8 11. Ng3 Ne7 12. Bb3 Ng6 13. Ng5 Nh8 14. Nh5 h6 15. Nxf6+ Qxf6 16. Nf3 Ng6 17. d4 Bg4 18. Be3 Bxf3 19. Qxf3 Qxf3 20. gxf3 Nh4 21. Bd1 g5 22. d5 f5 23. exf5 Nxf5 24. Bc2 Nh4 25. Be4 Be7 26. Kf1 Rf8 27. Ke2 Rf7 28. Rg1 Raf8 29. Rg3 Kg7 30. a4 b6 31. a5 b5 32. b4 Nf5 33. Rgg1 Nh4 34. Rg3 Nf5 35. Rh3 Rb8 36. Rc1 Bd8 37. c4 bxc4 38. Rxc4 Ne7 39. Kd3 Rb5 40. Kc2 Nxd5 41. Bxd5 Rxd5 42. Rc6 Rb5 43. Kb3 d5 44. Bc5 Rf6 45. Rxf6 Bxf6 46. Rg3 c6 47. Rg1 Kf7 48. Rc1 Ke6 49. Bb6 Kd7 50. Bc5 Bd8 51. Ka4 Bc7 52. Rc2 Bd6 0-1